najmniejsze państwa Europy - Statystyki

Ogólne statystyki
  • Ten quiz został rozwiązany 79 razy
  • Średni wynik to 8 z 10
Statystyki odpowiedzi
Powierzchnia Państwo % Poprawnych
44 ha Watykan
100%
468 km² Andora
91%
208 ha Monako
91%
61,2 km² San Marino
91%
2 586 km² Luksemburg
89%
160 km² Liechtenstein
85%
316 km² Malta
82%
13 812 km² Czarnogóra
65%
25 713 km² Macedonia Północna
55%
20 273 km² Słowenia
52%
Nie znaleziono quizów pasujących do podanych kryteriów
Rozkład punktacji
Procent ludzi z każdym wynikiem
Percentyl według liczby udzielonych odpowiedzi
Twoja historia wyników
Nie rozwiązałeś tego quizu